[Event "Rock-Lacroix op"]
[Site "Edmonton CAN"]
[Date "2002.08.18"]
[Round "5"]
[White "Veneracion, Paolo"]
[Black "Gardner, Robert"]
[Result "1-0"]
[WhiteElo "2159"]
[BlackElo "2251"]
[PlyCount "112"]
[EventDate "2002.08.16"]
[EventType "swiss"]
[EventRounds "5"]
[EventCountry "CAN"]

1. d4 Nf6 2. c4 c5 3. d5 b5 4. cxb5 a6 5. bxa6 Bxa6 6. Nc3 d6 7. Nf3 g6 8. e4
Bxf1 9. Kxf1 Bg7 10. g3 O-O 11. Kg2 Nbd7 12. Qe2 Ra7 13. Nd2 Qa8 14. Nc4 Rb8
15. Rb1 Nb6 16. a3 Nfd7 17. Ne3 Na4 18. Nxa4 Rxa4 19. Qc2 Ra7 20. Bd2 Rab7 21.
Bc3 Rb3 22. Bxg7 Kxg7 23. Nc4 Qa4 24. Rhc1 Qb5 25. Rd1 f6 26. Re1 Ne5 27. Nxe5
fxe5 28. Re2 Rxa3 29. bxa3 Qxb1 30. Qxb1 Rxb1 31. Ra2 Kf7 32. a4 Ke8 33. a5 Rb7
34. Kf3 Kd7 35. Kg4 e6 36. Kg5 exd5 37. exd5 Ra7 38. Kh6 Kc8 39. a6 Kb8 40. h4
Rc7 41. h5 gxh5 42. Kxh5 Ka7 43. Kg5 c4 44. Kf6 c3 45. Rc2 Kxa6 46. Ke6 Kb5 47.
Kxd6 Rc5 48. Ke6 Kc4 49. d6 e4 50. d7 Kd3 51. Rxc3+ Rxc3 52. d8=Q+ Ke2 53. Qd4
Rf3 54. Qxe4+ Kxf2 55. Qxh7 Rxg3 56. Ke5 Kf1 1-0

[Event "Roland Gaudet mem"]
[Site "Gatineau CAN"]
[Date "2002.01.08"]
[Round "1"]
[White "Dallaire, Dominic"]
[Black "Gagnon, Fabien"]
[Result "0-1"]
[WhiteElo "1633"]
[BlackElo "2067"]
[PlyCount "52"]
[EventDate "2002.01.08"]
[EventType "swiss"]
[EventRounds "5"]
[EventCountry "CAN"]

1. e4 c5 2. d4 cxd4 3. c3 d3 4. Bxd3 Nc6 5. Nf3 g6 6. Be3 Bg7 7. Na3 Nf6 8. h3
O-O 9. Qd2 d5 10. e5 Nd7 11. e6 fxe6 12. Bh6 Nde5 13. Bc2 Rxf3 14. Bxg7 Kxg7
15. O-O-O Rf8 16. h4 h5 17. f3 Rf6 18. Rh3 Qh8 19. Qe2 Qh6+ 20. Kb1 Qf4 21. Rf1
Bd7 22. g3 Qh6 23. Rhh1 Raf8 24. f4 Ng4 25. Qd3 e5 26. Qxd5 Be6 0-1

[Event "Roland Gaudet mem"]
[Site "Gatineau CAN"]
[Date "2002.01.08"]
[Round "1"]
[White "Villeneuve, Luc"]
[Black "Thomann, Olivier"]
[Result "1/2-1/2"]
[WhiteElo "1625"]
[BlackElo "1853"]
[PlyCount "76"]
[EventDate "2002.01.08"]
[EventType "swiss"]
[EventRounds "5"]
[EventCountry "CAN"]

1. e4 e5 2. Nf3 Nc6 3. Bb5 a6 4. Bxc6 dxc6 5. O-O Bg4 6. h3 Bxf3 7. Qxf3 Qf6 8.
Qb3 b5 9. d3 Bc5 10. Qc3 Bd4 11. Qa5 Bb6 12. Qe1 Ne7 13. Kh1 Ng6 14. Be3 O-O
15. Nd2 Nf4 16. a4 a5 17. Bxb6 cxb6 18. Qe3 Qg6 19. Rg1 Qh6 20. Nf3 Qh5 21. Nh2
Rfb8 22. axb5 cxb5 23. d4 Qe2 24. dxe5 Qxe3 25. fxe3 Ne2 26. Rgd1 Ng3+ 27. Kg1
Nxe4 28. Rd4 Nc5 29. b3 Rd8 30. Nf3 Kf8 31. Kf1 Ke7 32. Ke2 Ne6 33. Rg4 Rac8
34. c4 bxc4 35. Rxc4 Rc5 36. Rac1 Rdc8 37. Kd2 Rd8+ 38. Ke2 Rdc8 1/2-1/2

[Event "Roland Gaudet mem"]
[Site "Gatineau CAN"]
[Date "2002.01.15"]
[Round "2"]
[White "Gagnon, Fabien"]
[Black "Laurin, Marcel"]
[Result "0-1"]
[WhiteElo "2067"]
[BlackElo "1850"]
[PlyCount "72"]
[EventDate "2002.01.08"]
[EventType "swiss"]
[EventRounds "5"]
[EventCountry "CAN"]

1. e4 c5 2. Nf3 Nc6 3. d4 cxd4 4. Nxd4 e5 5. Nb5 d6 6. N1c3 a6 7. Na3 Nf6 8.
Bg5 Be7 9. Bxf6 Bxf6 10. Nc4 Nd4 11. Nd5 b5 12. Nce3 O-O 13. c3 Nc6 14. Nxf6+
Qxf6 15. Be2 Qg6 16. O-O Kh8 17. Bf3 Ra7 18. Qd2 Ne7 19. Rfd1 Rd7 20. Bg4 f5
21. exf5 Nxf5 22. Bxf5 Rxf5 23. Nxf5 Qxf5 24. Qd3 e4 25. Qg3 d5 26. Rd4 Rf7 27.
Rad1 Be6 28. b3 h6 29. a4 bxa4 30. Rxa4 Rf6 31. Rxa6 Rg6 32. Qh4 Rxg2+ 33. Kxg2
Qf3+ 34. Kg1 Qxd1+ 35. Kg2 Qf3+ 36. Kf1 Qd3+ 0-1

[Event "Roland Gaudet mem"]
[Site "Gatineau CAN"]
[Date "2002.01.08"]
[Round "2"]
[White "Groleau, Gilles"]
[Black "Blais, Robert"]
[Result "0-1"]
[WhiteElo "2116"]
[BlackElo "1603"]
[PlyCount "54"]
[EventDate "2002.01.08"]
[EventType "swiss"]
[EventRounds "5"]
[EventCountry "CAN"]

1. e4 c5 2. Nf3 e6 3. d4 cxd4 4. Nxd4 Nf6 5. f3 Nc6 6. Bc4 Be7 7. Nc3 d6 8. Be3
a6 9. g4 h6 10. a4 Qc7 11. Qe2 Bd7 12. f4 Nxd4 13. Bxd4 e5 14. g5 exd4 15. gxf6
dxc3 16. fxe7 cxb2 17. Rb1 Qa5+ 18. Kf2 Rc8 19. Bb3 Bxa4 20. Rxb2 Qc5+ 21. Kg2
Bxb3 22. Rxb3 Qxc2 23. Qxc2 Rxc2+ 24. Kf3 Rc7 25. Rb6 Kxe7 26. Rhb1 Rb8 27. Rd1
Rc6 0-1

[Event "Roland Gaudet mem"]
[Site "Gatineau CAN"]
[Date "2002.01.17"]
[Round "2"]
[White "Thibault, Mario"]
[Black "Laurin, Jacques"]
[Result "1-0"]
[WhiteElo "1603"]
[BlackElo "1918"]
[PlyCount "73"]
[EventDate "2002.01.08"]
[EventType "swiss"]
[EventRounds "5"]
[EventCountry "CAN"]

1. Nf3 Nf6 2. g3 d6 3. Bg2 e5 4. d3 Nc6 5. O-O Bg4 6. h3 Bh5 7. Nbd2 Qd7 8. c3
d5 9. e4 d4 10. c4 Be7 11. a3 a5 12. b3 g5 13. Qe1 g4 14. Nh4 gxh3 15. Bf3 Ng4
16. Nf5 Rg8 17. Qe2 Qe6 18. Re1 Qg6 19. Nf1 Nf6 20. Nh2 Bf8 21. Nh4 Bxf3 22.
Qxf3 Qh5 23. Qxh5 Nxh5 24. Kf1 Ne7 25. N2f3 f6 26. Ke2 Ng6 27. Rh1 Nxh4 28.
Nxh4 Rxg3 29. Nf5 Rg4 30. Rxh3 Nf4+ 31. Bxf4 Rxf4 32. Rxh7 O-O-O 33. Rf7 Bc5
34. b4 Ba7 35. Rh1 axb4 36. axb4 c5 37. Rhh7 1-0

[Event "Roland Gaudet mem"]
[Site "Gatineau CAN"]
[Date "2002.01.22"]
[Round "3"]
[White "Groleau, Gilles"]
[Black "Laurin, Marcel"]
[Result "0-1"]
[WhiteElo "2116"]
[BlackElo "1745"]
[PlyCount "60"]
[EventDate "2002.01.08"]
[EventType "swiss"]
[EventRounds "5"]
[EventCountry "CAN"]

1. e4 Nc6 2. Nf3 d6 3. d4 Bg4 4. Be2 Bxf3 5. Bxf3 g6 6. O-O Bg7 7. Be3 Nf6 8.
c3 O-O 9. Na3 Nd7 10. Qd3 f5 11. Rae1 e5 12. Bd1 Ne7 13. Bg5 f4 14. Qh3 Nf6 15.
dxe5 dxe5 16. Qe6+ Kh8 17. Qxe5 h6 18. Bxf6 Rxf6 19. Bf3 Nc6 20. Qb5 a6 21. Qe2
Ne5 22. Rd1 Qe7 23. Nc4 Nxf3+ 24. Qxf3 Re8 25. e5 Rf5 26. Qxb7 f3 27. Rfe1 Qg5
28. g3 Qg4 29. Qxa6 Qh3 30. Ne3 Rh5 0-1

[Event "Roland Gaudet mem"]
[Site "Gatineau CAN"]
[Date "2002.01.22"]
[Round "3"]
[White "Thomann, Olivier"]
[Black "Papineau, Andre"]
[Result "1-0"]
[WhiteElo "1853"]
[BlackElo "1648"]
[PlyCount "43"]
[EventDate "2002.01.08"]
[EventType "swiss"]
[EventRounds "5"]
[EventCountry "CAN"]

1. e4 c5 2. Nc3 Nc6 3. f4 g6 4. Nf3 Bg7 5. g3 d6 6. Bg2 Nf6 7. O-O Bg4 8. h3
Bxf3 9. Bxf3 Nd4 10. Bg2 e5 11. f5 Nh5 12. Kh2 Bh6 13. d3 Bxc1 14. Rxc1 Qg5 15.
Qe1 gxf5 16. exf5 Rg8 17. Ne4 Qe7 18. c3 d5 19. f6 Qc7 20. cxd4 dxe4 21. Rxc5
Qd6 22. Rxe5+ 1-0

[Event "Roland Gaudet mem"]
[Site "Gatineau CAN"]
[Date "2002.01.22"]
[Round "3"]
[White "Villeneuve, Luc"]
[Black "Laurin, Jacques"]
[Result "1-0"]
[WhiteElo "1625"]
[BlackElo "1918"]
[PlyCount "61"]
[EventDate "2002.01.08"]
[EventType "swiss"]
[EventRounds "5"]
[EventCountry "CAN"]

1. e4 d6 2. d4 Nf6 3. Nc3 c6 4. g3 Qc7 5. Bg2 e5 6. h3 exd4 7. Qxd4 Be6 8. Nge2
Na6 9. O-O b5 10. Bf4 c5 11. Qe3 Rb8 12. e5 Nd7 13. exd6 Bxd6 14. Nd5 Bxf4 15.
Nxc7+ Bxc7 16. Bd5 Rb6 17. Rfe1 O-O 18. Bxe6 Rxe6 19. Qf3 Ne5 20. Qg2 Rfe8 21.
Kf1 Nc4 22. Kg1 Nb4 23. Rac1 Nd2 24. a3 Nc6 25. Rcd1 Ba5 26. c3 Ne5 27. Rxd2 c4
28. Nf4 Nf3+ 29. Qxf3 Rxe1+ 30. Kg2 Bb6 31. Re2 1-0

[Event "Roland Gaudet mem"]
[Site "Gatineau CAN"]
[Date "2002.01.29"]
[Round "4"]
[White "Groleau, Gilles"]
[Black "Thibault, Mario"]
[Result "1-0"]
[WhiteElo "2116"]
[BlackElo "1603"]
[PlyCount "137"]
[EventDate "2002.01.08"]
[EventType "swiss"]
[EventRounds "5"]
[EventCountry "CAN"]

1. e4 c6 2. d4 d5 3. exd5 cxd5 4. Bd3 Nc6 5. c3 Nf6 6. Bf4 Bg4 7. Qb3 Qc8 8.
Nd2 e6 9. Ngf3 Bh5 10. Ne5 Be7 11. O-O O-O 12. Ndf3 Nxe5 13. Nxe5 Nd7 14. Qc2
Bg6 15. Nxg6 hxg6 16. Rae1 a6 17. Re3 b5 18. Rh3 Nb6 19. Be5 Nc4 20. Bxg6 fxg6
21. Qxg6 Nxe5 22. dxe5 Rf5 23. g4 Rg5 24. Qh7+ Kf7 25. Rg3 Qh8 26. Rf3+ Bf6 27.
Rxf6+ Ke7 28. Rh6 Rxg4+ 29. Kh1 Qf8 30. f4 Kd7 31. Rg6 Rxg6 32. Qxg6 Re8 33. f5
Kc7 34. f6 gxf6 35. Rxf6 Qh8 36. Qf7+ Kb8 37. Qd7 Qh5 38. Rf1 Qg6 39. Qf7 Qe4+
40. Kg1 Qe3+ 41. Rf2 Qg5+ 42. Kf1 Rg8 43. Qf4 Qg1+ 44. Ke2 Qb1 45. Qd2 Qxa2 46.
Qc2 Qc4+ 47. Qd3 Qg4+ 48. Kd2 Qg1 49. Qe3 Kb7 50. Rf7+ Kc6 51. Qxg1 Rxg1 52. h4
Rh1 53. Rh7 Rh2+ 54. Kc1 a5 55. Kb1 b4 56. cxb4 axb4 57. b3 d4 58. Re7 Kd5 59.
Rb7 Kxe5 60. Rxb4 Rxh4 61. Kc1 Ke4 62. Rb6 e5 63. Re6 Rh2 64. b4 d3 65. b5 Rc2+
66. Kd1 Kd5 67. Re8 e4 68. b6 Kd4 69. b7 1-0

[Event "Roland Gaudet mem"]
[Site "Gatineau CAN"]
[Date "2002.02.05"]
[Round "5"]
[White "Thomann, Olivier"]
[Black "Thibault, Mario"]
[Result "1/2-1/2"]
[WhiteElo "1853"]
[BlackElo "1603"]
[PlyCount "71"]
[EventDate "2002.01.08"]
[EventType "swiss"]
[EventRounds "5"]
[EventCountry "CAN"]

1. e4 c6 2. d4 d5 3. Nc3 dxe4 4. Nxe4 Nd7 5. Nf3 Ngf6 6. Ng3 Nb6 7. Bd3 Bg4 8.
c3 e6 9. h3 Bxf3 10. Qxf3 Be7 11. O-O O-O 12. Re1 Nbd5 13. Ne4 h6 14. Nxf6+
Nxf6 15. Bf4 Qd5 16. Qd1 Qd7 17. Be5 Ne8 18. Qg4 Bf6 19. Re3 Bxe5 20. dxe5 Rd8
21. Rd1 g6 22. Qh4 Ng7 23. Rde1 h5 24. Rg3 Rfe8 25. Qf4 Nf5 26. Bxf5 exf5 27.
Qh6 Qd2 28. Rxg6+ fxg6 29. Qxg6+ Kf8 30. Qf6+ Kg8 31. Re3 f4 32. Qxf4 Qd1+ 33.
Kh2 Re7 34. Rg3+ Rg7 35. Rxg7+ Kxg7 36. Qf6+ 1/2-1/2

[Event "Roland Gaudet mem B"]
[Site "Gatineau CAN"]
[Date "2002.01.22"]
[Round "3"]
[White "Maisonneuve, Paul"]
[Black "Gagne, Marc-Jean"]
[Result "0-1"]
[WhiteElo "1585"]
[BlackElo "1450"]
[PlyCount "76"]
[EventDate "2002.01.08"]
[EventType "swiss"]
[EventRounds "5"]
[EventCountry "CAN"]

1. d4 e6 2. Nf3 b6 3. Bf4 Bb7 4. e3 Nf6 5. h3 Nc6 6. c3 a6 7. Nbd2 d6 8. Bd3
Nd7 9. Bg3 g6 10. O-O f5 11. Re1 Nf6 12. e4 Qd7 13. d5 Ne7 14. dxe6 Qxe6 15. e5
dxe5 16. Bxe5 Bg7 17. Ng5 Qd5 18. Qf3 O-O-O 19. Qxd5 Rxd5 20. Re3 h6 21. Ne6
Nc6 22. Bxc7 Re8 23. Rae1 Rxe6 24. Rxe6 Rxd3 25. Nc4 Kxc7 26. Ne5 Nxe5 27.
R6xe5 Nd5 28. Re8 Bf6 29. Rg8 Nf4 30. g3 Nxh3+ 31. Kf1 g5 32. Rg6 Rd6 33. Rxh6
g4 34. Rh7+ Kc8 35. Re8+ Bd8 36. Re5 Bf3 37. Rf7 Rd1+ 38. Re1 Rd2 0-1

[Event "Ron Rodgers mem"]
[Site "Ottawa CAN"]
[Date "2002.09.13"]
[Round "1"]
[White "Glew, Richard"]
[Black "Veltmann, Alfred"]
[Result "1/2-1/2"]
[WhiteElo "1930"]
[BlackElo "1609"]
[PlyCount "66"]
[EventDate "2002.09.12"]
[EventType "swiss"]
[EventRounds "7"]
[EventCountry "CAN"]

1. e4 e5 2. Nf3 Nc6 3. Bb5 a6 4. Ba4 Nf6 5. O-O Be7 6. d4 Nxe4 7. Re1 d5 8.
dxe5 O-O 9. h3 Be6 10. c3 Bc5 11. Be3 Qe7 12. Nbd2 Bxe3 13. Rxe3 Rad8 14. Bxc6
Nxd2 15. Qxd2 bxc6 16. Qe2 Bc8 17. Nd4 Qe8 18. e6 fxe6 19. Nxe6 Bxe6 20. Rxe6
Qd7 21. Re1 Rf7 22. Re8+ Rxe8 23. Qxe8+ Qxe8 24. Rxe8+ Rf8 25. Re6 Rb8 26. b3
Rb6 27. f4 Kf7 28. f5 c5 29. Re2 Kf6 30. g4 g6 31. Rf2 g5 32. Re2 d4 33. cxd4
cxd4 1/2-1/2

[Event "Ron Rodgers mem"]
[Site "Ottawa CAN"]
[Date "2002.09.19"]
[Round "2"]
[White "Milne, Reg"]
[Black "Veltmann, Alfred"]
[Result "1/2-1/2"]
[WhiteElo "2047"]
[BlackElo "1609"]
[PlyCount "68"]
[EventDate "2002.09.12"]
[EventType "swiss"]
[EventRounds "7"]
[EventCountry "CAN"]

1. c4 Nf6 2. g3 g6 3. Bg2 Bg7 4. Nc3 Nc6 5. Nf3 e5 6. O-O O-O 7. d3 d6 8. e4
Bg4 9. h3 Bc8 10. Be3 Re8 11. Qd2 a6 12. Bh6 Nd4 13. Nxd4 exd4 14. Ne2 c5 15.
Bxg7 Kxg7 16. f4 Nd7 17. g4 h6 18. Ng3 Ra7 19. Rf2 b5 20. b3 Nf8 21. Raf1 Nh7
22. a3 Rf8 23. f5 Qh4 24. Qf4 Qf6 25. fxg6 fxg6 26. Qd2 Qd8 27. Rxf8 Nxf8 28.
Qf4 Ne6 29. Qf3 Ng5 30. Qe2 Rf7 31. e5 Rxf1+ 32. Kxf1 Qe7 33. exd6 Qxd6 34. Ne4
Qf4+ 1/2-1/2

[Event "Ron Rodgers mem"]
[Site "Ottawa CAN"]
[Date "2002.09.19"]
[Round "2"]
[White "Pacey, Kevin"]
[Black "Neilsen, Steve"]
[Result "1-0"]
[WhiteElo "2308"]
[BlackElo "1593"]
[PlyCount "23"]
[EventDate "2002.09.12"]
[EventType "swiss"]
[EventRounds "7"]
[EventCountry "CAN"]

1. e4 Nf6 2. e5 Nd5 3. d4 d6 4. c4 Nb6 5. exd6 cxd6 6. Nc3 Bf5 7. d5 N8d7 8. b3
g6 9. g4 Bg7 10. Bd2 Bxc3 11. Bxc3 Be4 12. f3 1-0

[Event "Ron Rodgers mem"]
[Site "Ottawa CAN"]
[Date "2002.09.26"]
[Round "3"]
[White "Predescu, Sebastian"]
[Black "Pacey, Kevin"]
[Result "1/2-1/2"]
[WhiteElo "2204"]
[BlackElo "2308"]
[PlyCount "125"]
[EventDate "2002.09.12"]
[EventType "swiss"]
[EventRounds "7"]
[EventCountry "CAN"]

1. e4 Nc6 2. Nf3 e6 3. d4 d5 4. e5 b6 5. c3 Nce7 6. Bd3 a5 7. O-O Ba6 8. Bxa6
Rxa6 9. Bg5 Qd7 10. Bxe7 Bxe7 11. Nbd2 Nh6 12. a4 O-O 13. Ne1 c5 14. Nc2 b5 15.
b3 bxa4 16. bxa4 cxd4 17. Nxd4 Rc8 18. Nb5 Nf5 19. Nf3 Qc6 20. Rc1 Qc4 21. Nfd4
Raa8 22. Nxf5 exf5 23. Qd4 Bc5 24. Qxc4 dxc4 25. Rcd1 Rd8 26. Rfe1 Rd3 27. Rxd3
cxd3 28. Rd1 Rd8 29. Kf1 Kf8 30. f4 Ke7 31. Ke1 f6 32. exf6+ Kxf6 33. Kd2 h6
34. Rf1 Rd7 35. Rf3 Bg1 36. h3 Bh2 37. Nd4 Rb7 38. Nb5 Re7 39. Kxd3 Re4 40. c4
Bxf4 41. Nc3 Ke5 42. Ne2 Bg5 43. Rxf5+ Kxf5 44. Ng3+ Ke5 45. Nxe4 Be7 46. Nd2
Kf4 47. Nb3 Bd8 48. Nd4 Kg3 49. Ne6 Be7 50. c5 Kxg2 51. c6 Bd6 52. Nxg7 Be5 53.
Nf5 h5 54. Ke4 Bb8 55. h4 Kh3 56. Kd5 Kg4 57. Ng7 Kxh4 58. Ke6 Kg4 59. Nxh5
Kxh5 60. Kd7 Kg5 61. c7 Bxc7 62. Kxc7 Kf6 63. Kb6 1/2-1/2

[Event "Ron Rodgers mem"]
[Site "Ottawa CAN"]
[Date "2002.09.26"]
[Round "3"]
[White "Veltmann, Alfred"]
[Black "Patterson, Roger"]
[Result "0-1"]
[WhiteElo "1609"]
[BlackElo "2227"]
[PlyCount "38"]
[EventDate "2002.09.12"]
[EventType "swiss"]
[EventRounds "7"]
[EventCountry "CAN"]

1. d4 Nf6 2. c4 e6 3. Nf3 b6 4. e3 Bb7 5. a3 d5 6. Nc3 Be7 7. Be2 O-O 8. b3 c5
9. dxc5 bxc5 10. Bb2 Nbd7 11. Qc2 Rc8 12. Rd1 Qc7 13. Nb5 Qb8 14. h4 Rfd8 15.
Ng5 h6 16. Bf3 Ne5 17. a4 a6 18. Na3 hxg5 19. hxg5 Ne4 0-1

[Event "Ron Rodgers mem"]
[Site "Ottawa CAN"]
[Date "2002.10.03"]
[Round "4"]
[White "Pacey, Kevin"]
[Black "Horvat, Miro"]
[Result "1-0"]
[WhiteElo "2308"]
[BlackElo "2108"]
[PlyCount "71"]
[EventDate "2002.09.12"]
[EventType "swiss"]
[EventRounds "7"]
[EventCountry "CAN"]

1. b3 e5 2. Bb2 d6 3. g3 Nf6 4. Bg2 Be7 5. d3 O-O 6. Nd2 c6 7. Ngf3 h6 8. O-O
Be6 9. e4 Qd7 10. d4 exd4 11. Nxd4 Bh3 12. Bxh3 Qxh3 13. Nf5 Bd8 14. Qf3 Nbd7
15. Nxd6 Bb6 16. Rad1 Ng4 17. Qg2 Qh5 18. Rde1 Qa5 19. N6c4 Qg5 20. Nxb6 axb6
21. Nf3 Qc5 22. Rd1 Rfd8 23. h3 Ngf6 24. e5 Nd5 25. c4 Ne7 26. a3 Ng6 27. Rfe1
Qe7 28. Nd4 Nc5 29. b4 Na4 30. Ba1 c5 31. Nf5 Qe6 32. Qe4 Rxd1 33. Rxd1 Qc6 34.
Qxc6 bxc6 35. Rd6 Rc8 36. Rxg6 1-0

[Event "Ron Rodgers mem"]
[Site "Ottawa CAN"]
[Date "2002.10.03"]
[Round "4"]
[White "Veltmann, Alfred"]
[Black "Abt, Michael"]
[Result "1-0"]
[WhiteElo "1609"]
[BlackElo "1678"]
[PlyCount "58"]
[EventDate "2002.09.12"]
[EventType "swiss"]
[EventRounds "7"]
[EventCountry "CAN"]

1. d4 Nf6 2. c4 Nc6 3. Nc3 e6 4. Bg5 Be7 5. e3 a6 6. Bd3 Nb4 7. Bb1 e5 8. dxe5
Ng8 9. Bf4 Nc6 10. Nf3 g5 11. Bg3 h5 12. h4 g4 13. Nd4 Nh6 14. a3 Nxd4 15. exd4
b6 16. Be4 c6 17. d5 Bb7 18. Qd3 b5 19. cxb5 axb5 20. d6 Bf8 21. Nxb5 Qa5+ 22.
Nc3 Ba6 23. Qd2 Bg7 24. b4 Qb6 25. Na4 Qb5 26. Nc5 Bc8 27. Bd3 Qb6 28. O-O Ng8
29. Bc4 f5 1-0

[Event "Ron Rodgers mem"]
[Site "Ottawa CAN"]
[Date "2002.10.10"]
[Round "5"]
[White "Saleh, Maher"]
[Black "Pacey, Kevin"]
[Result "1/2-1/2"]
[WhiteElo "2310"]
[BlackElo "2308"]
[PlyCount "59"]
[EventDate "2002.09.12"]
[EventType "swiss"]
[EventRounds "7"]
[EventCountry "CAN"]

1. Nf3 c5 2. g3 Nc6 3. d4 cxd4 4. Nxd4 Nf6 5. Bg2 g6 6. O-O Bg7 7. c4 O-O 8.
Nc3 Ng4 9. e3 Nge5 10. b3 Qa5 11. Bb2 Nxd4 12. exd4 Nc6 13. Nd5 e6 14. Bc3 Qd8
15. Ne3 d6 16. Qd2 Ne7 17. Ba5 Qd7 18. Rad1 Rb8 19. Bh3 b6 20. Bb4 Qc7 21. d5
e5 22. Bxc8 Rfxc8 23. f4 Qd7 24. fxe5 Bxe5 25. Kg2 b5 26. Bc3 bxc4 27. Bxe5
dxe5 28. Nxc4 Qc7 29. Qg5 Rb5 30. Qxe5 1/2-1/2

[Event "Ron Rodgers mem"]
[Site "Ottawa CAN"]
[Date "2002.10.10"]
[Round "5"]
[White "Van Dusen, Eric"]
[Black "Veltmann, Alfred"]
[Result "0-1"]
[WhiteElo "1912"]
[BlackElo "1609"]
[PlyCount "58"]
[EventDate "2002.09.12"]
[EventType "swiss"]
[EventRounds "7"]
[EventCountry "CAN"]

1. d4 d5 2. c4 e6 3. Nc3 Nf6 4. Bg5 c6 5. Nf3 h6 6. Bh4 Nbd7 7. e3 Qa5 8. Nd2
Bb4 9. Qc2 Be7 10. Bd3 dxc4 11. Nxc4 Qd8 12. O-O b5 13. Nd2 Bb7 14. Nf3 Rc8 15.
Rad1 a6 16. Qe2 Nd5 17. Bg3 c5 18. dxc5 Rxc5 19. Ne4 Rc8 20. Nd6+ Bxd6 21. Bxd6
Qb6 22. Bg3 O-O 23. Bb1 Rfe8 24. e4 N5f6 25. Rd6 Bc6 26. Nd4 Qb7 27. Nxc6 Rxc6
28. Qd3 e5 29. f3 Qb6+ 0-1

[Event "Ron Rodgers mem"]
[Site "Ottawa CAN"]
[Date "2002.10.17"]
[Round "6"]
[White "Veltmann, Alfred"]
[Black "Hum, Peter"]
[Result "0-1"]
[WhiteElo "1609"]
[BlackElo "2226"]
[PlyCount "55"]
[EventDate "2002.09.12"]
[EventType "swiss"]
[EventRounds "7"]
[EventCountry "CAN"]

1. d4 Nf6 2. c4 g6 3. Nc3 Bg7 4. e4 d6 5. Be3 O-O 6. f3 a6 7. Bd3 Nbd7 8. Nge2
c5 9. d5 Ne5 10. Qd2 e6 11. dxe6 Bxe6 12. Nd5 b5 13. b3 Bxd5 14. cxd5 Nxd5 15.
Rd1 Nxe3 16. Qxe3 Qa5+ 17. Rd2 Rae8 18. Bb1 Nc6 19. Kd1 Nd4 20. Qd3 d5 21. exd5
Rd8 22. Nxd4 Bxd4 23. Qc2 Rxd5 24. Re1 Rfd8 25. Ree2 Bc3 26. Rd3 c4 27. Rxd5
Rxd5+ 28. Kc1 0-1

[Event "Rotation Amical 1"]
[Site "Montreal CAN"]
[Date "2002.08.23"]
[Round "1"]
[White "Brassard, Sylvain"]
[Black "Corriveau, Philippe"]
[Result "0-1"]
[WhiteElo "1971"]
[BlackElo "1934"]
[PlyCount "82"]
[EventDate "2002.08.23"]
[EventType "tourn"]
[EventRounds "5"]
[EventCountry "CAN"]

1. d4 Nf6 2. c4 e6 3. Nf3 b6 4. g3 Bb7 5. Bg2 Be7 6. O-O c5 7. dxc5 bxc5 8. Nc3
d6 9. b3 O-O 10. Bb2 Qb6 11. Qc2 Nc6 12. Rad1 Nb4 13. Qb1 Rfd8 14. e4 Nc6 15.
Rfe1 e5 16. Nd5 Nxd5 17. exd5 Nb4 18. Bh3 Bc8 19. Bxc8 Rdxc8 20. h4 a5 21. a4
Qd8 22. Nd2 Qd7 23. Ne4 Qg4 24. Kh2 f5 25. Nc3 Rf8 26. Rf1 Rf6 27. Bc1 Rg6 28.
Rg1 Bxh4 29. Nb5 Bxg3+ 30. fxg3 f4 31. Qb2 Rh6+ 32. Kg2 Qxg3+ 33. Kf1 Qf3+ 34.
Ke1 Nd3+ 35. Rxd3 Qxd3 36. Nxd6 Rxd6 37. Qxe5 Rg6 38. Rxg6 Qxg6 39. Qe6+ Qxe6+
40. dxe6 g5 41. Kf2 Kf8 0-1

[Event "Rotation Amical 1"]
[Site "Montreal CAN"]
[Date "2002.08.23"]
[Round "1"]
[White "McDonough, Jonathan"]
[Black "Ayotte, Jocelyn"]
[Result "0-1"]
[WhiteElo "2036"]
[BlackElo "2008"]
[PlyCount "76"]
[EventDate "2002.08.23"]
[EventType "tourn"]
[EventRounds "5"]
[EventCountry "CAN"]

1. d4 d5 2. c4 dxc4 3. Nf3 Nf6 4. e3 e6 5. Bxc4 c5 6. O-O Be7 7. Qe2 a6 8. a4
O-O 9. Nc3 Nc6 10. Rd1 Qc7 11. e4 cxd4 12. Nxd4 Nxd4 13. Rxd4 Bc5 14. Rd1 b6
15. e5 Nd7 16. Bf4 Bb7 17. Bd3 f5 18. Rac1 Qc6 19. Qf1 g5 20. Bxg5 Nxe5 21. Be2
f4 22. Bd3 Nxd3 23. Rxd3 Rf5 24. Bd8 Qe8 25. Rcd1 Bc6 26. Bh4 Kg7 27. Kh1 Rh5
28. Bd8 Qg6 29. R1d2 e5 30. Nd5 Rxd8 31. Nxf4 exf4 32. Rxd8 Rg5 33. R8d7+ Kh6
34. f3 Bxd7 35. Rxd7 Be3 36. Qe1 Rxg2 37. Qh4+ Qh5 38. Rd6+ Rg6 0-1

[Event "Rotation Amical 1"]
[Site "Montreal CAN"]
[Date "2002.08.23"]
[Round "1"]
[White "Singher, Jean-Pierre"]
[Black "Masse, Hugues"]
[Result "1/2-1/2"]
[WhiteElo "2032"]
[BlackElo "2124"]
[PlyCount "67"]
[EventDate "2002.08.23"]
[EventType "tourn"]
[EventRounds "5"]
[EventCountry "CAN"]

1. d4 Nf6 2. c4 g6 3. Nc3 d5 4. cxd5 Nxd5 5. e4 Nxc3 6. bxc3 Bg7 7. Bc4 c5 8.
Ne2 O-O 9. O-O Nc6 10. Be3 Qc7 11. Rc1 Rd8 12. Qb3 Na5 13. Qa4 Bd7 14. Bb5 Bxb5
15. Qxb5 a6 16. Qxc5 Qxc5 17. dxc5 Nc4 18. Bf4 e5 19. Bg5 f6 20. Bh4 Nd2 21. f3
Nxf1 22. Kxf1 Rac8 23. c4 Rxc5 24. Bf2 Rc6 25. c5 Bf8 26. Nc3 Rdc8 27. Nd5 Bxc5
28. Rb1 Rb8 29. Bxc5 Rxc5 30. Nxf6+ Kf7 31. Nd7 Rcc8 32. Nxb8 Rxb8 33. Rb6 Ke7
34. Ke2 1/2-1/2

[Event "Rotation Amical 1"]
[Site "Montreal CAN"]
[Date "2002.08.23"]
[Round "2"]
[White "Ayotte, Jocelyn"]
[Black "Corriveau, Philippe"]
[Result "1/2-1/2"]
[WhiteElo "2008"]
[BlackElo "1934"]
[PlyCount "140"]
[EventDate "2002.08.23"]
[EventType "tourn"]
[EventRounds "5"]
[EventCountry "CAN"]

1. d4 Nf6 2. c4 e6 3. Nc3 Bb4 4. Nf3 b6 5. g3 Ne4 6. Qc2 f5 7. Bg2 Bb7 8. O-O
Nxc3 9. bxc3 Be7 10. d5 O-O 11. Nd4 c5 12. dxc6 Nxc6 13. Bxc6 Bxc6 14. Nxc6
dxc6 15. e4 Qc7 16. exf5 exf5 17. Bf4 Bd6 18. Bxd6 Qxd6 19. Rad1 Qc7 20. Rfe1
Rad8 21. Rxd8 Qxd8 22. Qe2 Rf6 23. c5 bxc5 24. Qc4+ Qd5 25. Qf4 Qxa2 26. c4 a5
27. Kg2 h6 28. h4 Qb3 29. h5 Qb7 30. Re8+ Rf8 31. Rxf8+ Kxf8 32. Qxf5+ Ke8 33.
Qe6+ Kf8 34. Qd6+ Kf7 35. Qxc5 Qa8 36. f4 a4 37. f5 Qe8 38. Qa7+ Kf6 39. Qxa4
Qe4+ 40. Kh2 Kxf5 41. Qa7 Qe2+ 42. Kg1 Kg4 43. Qd7+ Kxg3 44. Qxg7+ Qg4 45. Qc3+
Kh4+ 46. Kf2 Qf4+ 47. Ke2 Kxh5 48. Kd1 Kh4 49. Kc2 Qe4+ 50. Kb3 h5 51. Qf6+ Kh3
52. Kb4 h4 53. Qf1+ Kg4 54. Qg1+ Kf5 55. Kc5 Kf4 56. Qh2+ Kf5 57. Qh3+ Kg5 58.
Qd7 Qf5+ 59. Kxc6 h3 60. Qd2+ Kg4 61. c5 Qe6+ 62. Kb5 Qf5 63. Kb6 Qb1+ 64. Kc7
Qb3 65. c6 Qg3+ 66. Kb6 h2 67. Qd4+ Kh5 68. Qd1+ Kh4 69. c7 Qg1+ 70. Qxg1
hxg1=Q+ 1/2-1/2

[Event "Rotation Amical 1"]
[Site "Montreal CAN"]
[Date "2002.08.24"]
[Round "2"]
[White "Masse, Hugues"]
[Black "Brassard, Sylvain"]
[Result "1-0"]
[WhiteElo "2124"]
[BlackElo "1971"]
[PlyCount "72"]
[EventDate "2002.08.23"]
[EventType "tourn"]
[EventRounds "5"]
[EventCountry "CAN"]

1. e4 Nf6 2. e5 Nd5 3. d4 d6 4. Nf3 Bg4 5. Be2 c6 6. O-O Bxf3 7. Bxf3 dxe5 8.
dxe5 e6 9. Nd2 Qc7 10. Re1 b5 11. Qe2 Ne7 12. a4 b4 13. Nc4 Nd5 14. Bg5 Nd7 15.
Qd2 N7b6 16. Nxb6 axb6 17. Qe2 Ra5 18. Bxd5 cxd5 19. b3 Rc5 20. Rac1 Be7 21.
Bxe7 Qxe7 22. Qg4 Rc8 23. Qxg7 Kd7 24. Qg3 Rhg8 25. Qd3 Rc3 26. Qb5+ Kc7 27. a5
Qc5 28. axb6+ Qxb6 29. Qe2 Kb7 30. Ra1 Rgc8 31. Ra2 Ra8 32. Rxa8 Kxa8 33. Ra1+
Kb7 34. Ra4 Qd4 35. Qa6+ Kc7 36. Qd6+ Kb7 1-0